[Event "Moscow Time of the First U11"]
[Site "Moscow"]
[Date "2019.06.23"]
[Round "9"]
[White "Maslovskiy, Vladimir1111"]
[Black "Soberov, Emil"]
[Result "1-0"]
[WhiteElo "1511"]
[BlackElo "1110"]
[PlyCount "83"]
[EventDate "2019.06.17"]
[EventType "swiss"]
[EventRounds "9"]
[EventCountry "RUS"]
[SourceTitle "EXT 2021"]
[Source "ChessBase"]
[SourceDate "2020.10.23"]
[SourceVersion "1"]
[SourceVersionDate "2020.10.23"]
[SourceQuality "1"]

1. e4 c5 2. d4 cxd4 3. c3 Nf6 4. e5 Nd5 5. cxd4 Nc6 6. Nc3 Nxc3 7. bxc3 e6 8. Nf3 d6 9. exd6 Bxd6 10. Be2 0-0 11. 0-0 Qc7 12. Be3 Bd7 13. c4 a6 14. c5 Be7 15. Rb1 Na7 16. Ne5 Bb5 17. Bf4 Qc8 18. Nc4 Bxc4 19. Bxc4 Rd8 20. Bd3 Bf6 21. Be3 Nc6 22. Be4 Qd7 23. Qf3 Rac8 24. d5 Ne5 25. Qh3 g6 26. dxe6 Qxe6 27. Qxe6 fxe6 28. Bxb7 Rb8 29. c6 Nxc6 30. Bxc6 Kf7 31. Bb7 a5 32. Ba7 Bd4 33. Bxb8 Rxb8 34. Bc6 Rxb1 35. Rxb1 Bc3 36. Rb7+ Kf6 37. Rxh7 Bb4 38. Rb7 Ke5 39. Rxb4 axb4 40. Ba4 Kd4 41. Bb3 Kc3 42. Bxe6 1-0

[Event "Moscow Time of the First U11"]
[Site "Moscow"]
[Date "2019.06.18"]
[Round "3"]
[White "Soberov, Emil"]
[Black "Novozhilov, Semen"]
[Result "1/2-1/2"]
[WhiteElo "1110"]
[BlackElo "1688"]
[PlyCount "145"]
[EventDate "2019.06.17"]
[EventType "swiss"]
[EventRounds "9"]
[EventCountry "RUS"]
[SourceTitle "EXT 2021"]
[Source "ChessBase"]
[SourceDate "2020.10.23"]
[SourceVersion "1"]
[SourceVersionDate "2020.10.23"]
[SourceQuality "1"]

1. d4 Nf6 2. Bg5 e6 3. e3 d5 4. Nd2 h6 5. Bh4 Nbd7 6. Bd3 b6 7. Ngf3 Bb7 8. h3 Bd6 9. Bxf6 Nxf6 10. 0-0 0-0 11. Re1 Ne4 12. c3 f5 13. c4 Qf6 14. Qe2 g5 15. Rf1 g4 16. hxg4 fxg4 17. Bxe4 dxe4 18. Ne5 Bxe5 19. Qxg4+ Kh8 20. dxe5 Qxe5 21. Qg6 Rf6 22. Qg3 Qxb2 23. Qxc7 Qxd2 24. Qxb7 Rg8 25. Rad1 Qe2 26. Qxe4 Rfg6 27. Qe5+ R8g7 28. Rd8+ Kh7 29. Qe4 Qg4 30. Qxg4 Rxg4 31. g3 Rxc4 32. Rfd1 Ra4 33. R8d2 h5 34. Kf1 Kg6 35. Ke2 Kf6 36. Rc2 Rg5 37. Rd8 Rga5 38. Rdd2 Kf5 39. Kf3 Rd5 40. Rxd5+ exd5 41. Rd2 Ke5 42. Rc2 b5 43. Rb2 a6 44. Ke2 b4 45. Kd3 a5 46. Ke2 Ra3 47. Rd2 a4 48. f4+ Kd6 49. Rb2 Kc5 50. f5 Rc3 51. f6 Kb5 52. Rd2 b3 53. axb3 axb3 54. f7 Rc8 55. Rxd5+ Kc4 56. Rxh5 b2 57. Rh1 Rf8 58. e4 Rxf7 59. g4 Rf4 60. g5 Rg4 61. Kf3 Rxg5 62. Kf4 Rh5 63. Re1 Kd4 64. e5 Rh4+ 65. Kf5 Rh5+ 66. Kf6 Rh6+ 67. Kf7 Rc6 68. Rb1 Rc7+ 69. Kf6 Kc3 70. e6 Kc2 71. Rxb2+ Kxb2 72. e7 Rxe7 73. Kxe7 1/2-1/2